[Event "GER Cup Net Final-A U2400"]
[Site "Playchess.com INT"]
[Date "2020.06.06"]
[Round "11"]
[White "Gutheil, Heinrich"]
[Black "Eilenberg, Jonas"]
[Result "1-0"]
[WhiteElo "2068"]
[BlackElo "2091"]
[PlyCount "75"]
[EventDate "2020.06.06"]
[EventType "swiss (blitz)"]
[EventRounds "13"]
[EventCountry "GER"]
[SourceTitle "CBM 197 Extra"]
[Source "ChessBase"]
[SourceDate "2020.09.30"]
[SourceVersion "1"]
[SourceVersionDate "2020.09.30"]
[SourceQuality "1"]

1. e4 e6 2. d4 d5 3. exd5 exd5 4. c4 Nc6 5. h3 Bb4+ 6. Nc3 Nf6 7. Nf3 0-0 8. Bd3 Re8+ 9. Be3 Bxc3+ 10. bxc3 dxc4 11. Bxc4 Nd5 12. 0-0 Nxc3 13. Qb3 Ne4 14. Bxf7+ Kh8 15. Bxe8 Qxe8 16. Rfe1 Qf8 17. d5 Nd8 18. Bd4 Nd6 19. Ng5 Qf5 20. Qg3 Qg6 21. Re5 h6 22. Qh4 Nf5 23. Rxf5 Bxf5 24. Nf3 Nf7 25. Re1 Rf8 26. Re7 Rg8 27. Qf4 Nd6 28. Rxc7 Bc8 29. Ne5 Qb1+ 30. Kh2 Nf5 31. Ng6+ Kh7 32. Ne7 Nxe7 33. Rxe7 Qg6 34. d6 Re8 35. Rxg7+ Qxg7 36. Bxg7 Kxg7 37. Qd4+ Kf7 38. d7 1-0

[Event "GER Cup Net Final-A U2400"]
[Site "Playchess.com INT"]
[Date "2020.06.06"]
[Round "9"]
[White "Gutheil, Heinrich"]
[Black "Junge, Kai"]
[Result "1/2-1/2"]
[WhiteElo "2068"]
[BlackElo "2044"]
[PlyCount "39"]
[EventDate "2020.06.06"]
[EventType "swiss (blitz)"]
[EventRounds "13"]
[EventCountry "GER"]
[SourceTitle "CBM 197 Extra"]
[Source "ChessBase"]
[SourceDate "2020.09.30"]
[SourceVersion "1"]
[SourceVersionDate "2020.09.30"]
[SourceQuality "1"]

1. e4 Nf6 2. Nc3 d5 3. exd5 Nxd5 4. Bc4 Nb6 5. Bb3 Nc6 6. Nf3 Bf5 7. d4 e6 8. 0-0 Be7 9. Qe2 0-0 10. Be3 Re8 11. h3 a6 12. Rad1 Nd5 13. Bd2 Bg6 14. Ne4 Nf6 15. Nxf6+ Bxf6 16. c3 Na5 17. Ne5 Nxb3 18. axb3 Qd5 19. Nxg6 hxg6 20. b4 1/2-1/2

[Event "GER Cup Net V4 U2400"]
[Site "Playchess.com INT"]
[Date "2020.05.31"]
[Round "1"]
[White "Gutheil, Heinrich"]
[Black "Schulz, Karsten"]
[Result "1-0"]
[WhiteElo "2017"]
[BlackElo "2308"]
[PlyCount "95"]
[EventDate "2020.05.31"]
[EventType "swiss (blitz)"]
[EventRounds "9"]
[EventCountry "GER"]
[SourceTitle "EXT 2021"]
[Source "ChessBase"]
[SourceDate "2020.10.23"]
[SourceVersion "1"]
[SourceVersionDate "2020.10.23"]
[SourceQuality "1"]

1. e4 g6 2. d4 Bg7 3. Nf3 d6 4. Bc4 Nf6 5. Qe2 Nc6 6. e5 dxe5 7. dxe5 Nd5 8. h3 0-0 9. 0-0 Nb6 10. Bb3 Nd4 11. Nxd4 Qxd4 12. Re1 a5 13. a4 Be6 14. Bxe6 fxe6 15. Nc3 Nd5 16. Nb5 Qb6 17. c4 c6 18. cxd5 cxb5 19. Be3 Qc7 20. d6 exd6 21. exd6 Qxd6 22. Qxb5 Qd5 23. Qxd5 exd5 24. Rad1 Rad8 25. Bd4 Bxd4 26. Rxd4 Rf7 27. Re5 Rfd7 28. Kf1 Kf7 29. Ke2 Kf6 30. f4 b6 31. Kd3 Rd6 32. b4 axb4 33. Rxb4 h6 34. Kd4 Ra8 35. g4 Rad8 36. Rb5 g5 37. fxg5+ hxg5 38. Rexd5 Kg6 39. Ke5 Rxd5+ 40. Rxd5 Ra8 41. Rd6+ Kh7 42. Rxb6 Rxa4 43. Kf5 Ra3 44. Rb7+ Kh6 45. Rb8 Kh7 46. Kxg5 Rxh3 47. Rb7+ Kh8 48. Kg6 1-0

[Event "GER Cup Net V4 U2400"]
[Site "Playchess.com INT"]
[Date "2020.05.31"]
[Round "5"]
[White "Wichmann, Cliff"]
[Black "Gutheil, Heinrich"]
[Result "1/2-1/2"]
[WhiteElo "2189"]
[BlackElo "2080"]
[PlyCount "133"]
[EventDate "2020.05.31"]
[EventType "swiss (blitz)"]
[EventRounds "9"]
[EventCountry "GER"]
[SourceTitle "EXT 2021"]
[Source "ChessBase"]
[SourceDate "2020.10.23"]
[SourceVersion "1"]
[SourceVersionDate "2020.10.23"]
[SourceQuality "1"]

1. d4 g6 2. c4 Bg7 3. Nf3 c5 4. d5 d6 5. h3 Nd7 6. e4 Ngf6 7. Nc3 b5 8. cxb5 a6 9. a4 0-0 10. Bd2 Ne8 11. Bd3 axb5 12. axb5 Bb7 13. 0-0 Qc7 14. Qe2 Nb6 15. Be3 Nf6 16. Nd2 Nfd7 17. Rac1 Na4 18. Nxa4 Rxa4 19. Rc2 Qa5 20. b3 Ra1 21. Nc4 Rxf1+ 22. Qxf1 Qb4 23. Bd2 Qxb5 24. Nxd6 Qb6 25. Nxb7 Qxb7 26. Bc4 Ne5 27. Bc3 Nxc4 28. Qxc4 Rb8 29. Bxg7 Kxg7 30. Qxc5 Qxb3 31. Qc3+ Qxc3 32. Rxc3 Rb1+ 33. Kh2 Re1 34. f3 h5 35. h4 Kf6 36. Kg3 Re2 37. Rc6+ Ke5 38. Rc4 Kd6 39. Ra4 Kd7 40. Ra6 Kc7 41. Ra4 Kd7 42. f4 Re3+ 43. Kf2 Rb3 44. e5 Rb5 45. Rd4 Rb3 46. g3 Rb2+ 47. Ke3 Rg2 48. Kf3 Ra2 49. Rd3 Rb2 50. Ra3 Rb7 51. g4 hxg4+ 52. Kxg4 Rb5 53. Ra7+ Ke8 54. d6 exd6 55. exd6 Rd5 56. Re7+ Kf8 57. Rd7 Ke8 58. Re7+ Kf8 59. Ra7 Rxd6 60. Ra5 Kg7 61. Kg5 Rd1 62. Kg4 Rg1+ 63. Kh3 Rh1+ 64. Kg3 Rg1+ 65. Kh3 Rh1+ 66. Kg3 Rg1+ 67. Kh3 1/2-1/2

[Event "GER Cup Net V1 U2400"]
[Site "Playchess.com INT"]
[Date "2020.05.19"]
[Round "1"]
[White "Gutheil, Heinrich"]
[Black "Hagner, Bennet"]
[Result "1-0"]
[WhiteElo "2141"]
[BlackElo "1893"]
[PlyCount "155"]
[EventDate "2020.05.19"]
[EventType "swiss (blitz)"]
[EventRounds "9"]
[EventCountry "GER"]
[SourceTitle "EXT 2021"]
[Source "ChessBase"]
[SourceDate "2020.10.23"]
[SourceVersion "1"]
[SourceVersionDate "2020.10.23"]
[SourceQuality "1"]

1. e4 e5 2. Nc3 Nf6 3. g3 Bc5 4. Bg2 0-0 5. Nge2 c6 6. 0-0 d5 7. exd5 cxd5 8. d4 exd4 9. Nxd4 Nc6 10. Be3 Bg4 11. Qd2 Qe7 12. Rfe1 Rad8 13. Bg5 Qd6 14. Ndb5 Qd7 15. Bxf6 gxf6 16. Nxd5 Kg7 17. Qf4 Qf5 18. h3 Bxh3 19. Bxh3 Qxd5 20. Nc3 Qg5 21. Qf3 Ne5 22. Qg2 Qd2 23. Ne4 Qxc2 24. Rac1 Bxf2+ 25. Qxf2 Qxf2+ 26. Kxf2 Nd3+ 27. Kf3 Nxc1 28. Rxc1 Rd3+ 29. Kg2 Re3 30. Nc3 Rd8 31. Rc2 Re1 32. Bg4 b6 33. Bf3 Ra1 34. Ne4 Rd3 35. Nf2 Re3 36. Ng4 Ree1 37. Rc6 f5 38. Nf6 Rg1+ 39. Kh3 Rgb1 40. Nh5+ Kf8 41. Rc2 Rxa2 42. Bc6 Raxb2 43. Rc3 Ke7 44. Re3+ Kd6 45. Bf3 Rc2 46. Nf4 Rc7 47. Rd3+ Ke7 48. Nd5+ Kd8 49. Nc3+ Rd7 50. Rxd7+ Kxd7 51. Nxb1 Kd6 52. Kh4 Kc5 53. Kg5 a5 54. Kxf5 a4 55. Bd1 b5 56. Kf6 a3 57. Nxa3 b4 58. Nc2 Kc4 59. Ne3+ Kc3 60. Nd5+ Kd2 61. Nxb4 Kxd1 62. g4 Ke2 63. Nc6 Kf3 64. g5 Kg4 65. Ne5+ Kh5 66. Nxf7 Kg4 67. Kg7 h5 68. gxh6 Kf5 69. h7 Ke4 70. h8Q Kd5 71. Qh5+ Kc4 72. Nd6+ Kb4 73. Qd5 Kc3 74. Kf6 Kb2 75. Ke5 Kc3 76. Ke4 Kb4 77. Qc4+ Ka5 78. Qb5# 1-0

[Event "GER Cup Net V1 U2400"]
[Site "Playchess.com INT"]
[Date "2020.05.19"]
[Round "6"]
[White "Gutheil, Heinrich"]
[Black "Kopylov, Daniel"]
[Result "0-1"]
[WhiteElo "2141"]
[BlackElo "1966"]
[PlyCount "96"]
[EventDate "2020.05.19"]
[EventType "swiss (blitz)"]
[EventRounds "9"]
[EventCountry "GER"]
[SourceTitle "EXT 2021"]
[Source "ChessBase"]
[SourceDate "2020.10.23"]
[SourceVersion "1"]
[SourceVersionDate "2020.10.23"]
[SourceQuality "1"]

1. e4 c5 2. b4 cxb4 3. a3 bxa3 4. Nxa3 Nc6 5. d4 e6 6. d5 Ne5 7. d6 Qh4 8. Qd4 Nc6 9. Qd3 Nf6 10. Nb5 Nxe4 11. Be3 Bxd6 12. Nxd6+ Nxd6 13. Qxd6 Qb4+ 14. Qxb4 Nxb4 15. Kd2 d6 16. Rxa7 Rxa7 17. Bxa7 Bd7 18. Nf3 Ke7 19. Ne5 Rc8 20. Nxd7 Rxc2+ 21. Kd1 Kxd7 22. Bb5+ Kc7 23. Be3 Ra2 24. Re1 Nd5 25. Bd2 Rb2 26. Bc4 Nb6 27. Bd3 Rb3 28. Ke2 g6 29. Rc1+ Kd7 30. Ba5 Nd5 31. g3 Rb2+ 32. Bd2 Nb4 33. Be4 d5 34. Bg2 Nc6 35. Ke3 Kd6 36. Ke2 e5 37. f3 f5 38. Kd1 e4 39. fxe4 fxe4 40. Bf1 Ne5 41. Be2 d4 42. Bf4 d3 43. Bg4 Kd5 44. Bxe5 Kxe5 45. Ra1 e3 46. Ra5+ b5 47. Ra1 Rxh2 48. Rb1 Rh1# 0-1

[Event "GER-ch Net Amateur Gr-A Vor3"]
[Site "Playchess.com INT"]
[Date "2020.04.16"]
[Round "7"]
[White "Frick, Christoph"]
[Black "Gutheil, Heinrich"]
[Result "0-1"]
[WhiteElo "2008"]
[BlackElo "2166"]
[PlyCount "94"]
[EventDate "2020.04.16"]
[EventType "swiss (blitz)"]
[EventRounds "9"]
[EventCountry "GER"]
[SourceTitle "CBM 195 Extra"]
[Source "ChessBase"]
[SourceDate "2020.05.31"]
[SourceVersion "1"]
[SourceVersionDate "2020.05.31"]
[SourceQuality "1"]

1. e4 g6 2. Nc3 Bg7 3. g3 c6 4. Bg2 b5 5. d3 b4 6. Nb1 d5 7. Nd2 Nf6 8. Qe2 0-0 9. Ngf3 a5 10. 0-0 dxe4 11. Nxe4 Nxe4 12. Qxe4 Bb7 13. Qh4 e6 14. Bg5 Qb6 15. Bh6 Nd7 16. Ng5 Nf6 17. Rae1 Rad8 18. Re4 c5 19. Rf4 Rd4 20. Bxg7 Kxg7 21. Bxb7 Rxf4 22. Qxf4 Qxb7 23. Re1 Qd5 24. Re5 Qd6 25. h4 h5 26. Ne4 Nxe4 27. Qxe4 a4 28. f4 Rd8 29. Kh2 b3 30. axb3 axb3 31. cxb3 Qxd3 32. Qxd3 Rxd3 33. Rxc5 Rxb3 34. Rc2 Kf6 35. Kg2 Kf5 36. Re2 f6 37. Rc2 Kg4 38. Kh2 e5 39. fxe5 fxe5 40. Rc4+ Kf3 41. Rc3+ Rxc3 42. bxc3 Ke4 43. Kg2 Kd3 44. Kf3 e4+ 45. Kf2 Kd2 46. c4 e3+ 47. Kf3 e2 0-1

[Event "GER-ch Net Amateur Gr-A Vor3"]
[Site "Playchess.com INT"]
[Date "2020.04.16"]
[Round "9"]
[White "Gutheil, Heinrich"]
[Black "Colbow, Collin"]
[Result "1-0"]
[WhiteElo "2166"]
[BlackElo "2062"]
[PlyCount "73"]
[EventDate "2020.04.16"]
[EventType "swiss (blitz)"]
[EventRounds "9"]
[EventCountry "GER"]
[SourceTitle "CBM 195 Extra"]
[Source "ChessBase"]
[SourceDate "2020.05.31"]
[SourceVersion "1"]
[SourceVersionDate "2020.05.31"]
[SourceQuality "1"]

1. e4 c5 2. b4 d6 3. bxc5 dxc5 4. Nf3 Nc6 5. Bb5 Qc7 6. Nc3 e6 7. 0-0 Nf6 8. e5 Nd7 9. Re1 Be7 10. d4 Nxd4 11. Nxd4 cxd4 12. Qxd4 0-0 13. Bd3 a6 14. Bd2 b5 15. Qe4 g6 16. Qxa8 Bb7 17. Qa7 Bc5 18. Nxb5 axb5 19. Qa5 Bb6 20. Qxb5 Bc6 21. Qc4 Nxe5 22. Qf4 f6 23. a4 Qa7 24. a5 Bc7 25. Qe3 Qa8 26. Be4 Ng4 27. Bxc6 Qxc6 28. Qxe6+ Qxe6 29. Rxe6 Bxh2+ 30. Kf1 Be5 31. Ra3 Rd8 32. Rd3 Rb8 33. Rd7 Nh2+ 34. Ke2 Ng4 35. a6 Ra8 36. f3 Nh6 37. Bxh6 1-0

[Event "GER-ch Net blitz qual5"]
[Site "Playchess.com INT"]
[Date "2020.03.28"]
[Round "1"]
[White "Gutheil, Heinrich"]
[Black "Spitzl, Vinzent"]
[Result "0-1"]
[WhiteElo "2040"]
[BlackElo "2344"]
[PlyCount "50"]
[EventDate "2020.03.28"]
[EventType "swiss (blitz)"]
[EventRounds "13"]
[EventCountry "GER"]
[SourceTitle "CBM 195 Extra"]
[Source "ChessBase"]
[SourceDate "2020.05.31"]
[SourceVersion "1"]
[SourceVersionDate "2020.05.31"]
[SourceQuality "1"]

1. e4 c6 2. d4 d5 3. e5 c5 4. dxc5 e6 5. a3 Nc6 6. Nf3 Bxc5 7. b4 Bb6 8. Bb2 Nge7 9. Bd3 Ng6 10. g3 0-0 11. 0-0 f6 12. exf6 gxf6 13. c4 e5 14. cxd5 Qxd5 15. Bxg6 Qxd1 16. Bxh7+ Kxh7 17. Rxd1 Bg4 18. Nbd2 e4 19. Nxe4 Bxf3 20. Rd7+ Kg6 21. Nd2 Bg4 22. Rxb7 Ne5 23. Bxe5 fxe5 24. Ne4 Bf3 25. Nd6 Bxb7 0-1

[Event "GER-ch Net blitz qual4"]
[Site "Playchess.com INT"]
[Date "2020.03.23"]
[Round "5"]
[White "Gutheil, Heinrich"]
[Black "Rosner, Jonas"]
[Result "0-1"]
[WhiteElo "2040"]
[BlackElo "2432"]
[PlyCount "54"]
[EventDate "2020.03.23"]
[EventType "swiss (blitz)"]
[EventRounds "9"]
[EventCountry "GER"]
[SourceTitle "CBM 195 Extra"]
[Source "ChessBase"]
[SourceDate "2020.05.31"]
[SourceVersion "1"]
[SourceVersionDate "2020.05.31"]
[SourceQuality "1"]

1. e4 c6 2. d4 d5 3. e5 Bf5 4. h4 h5 5. Bd3 Bxd3 6. Qxd3 Qa5+ 7. Nd2 e6 8. Ngf3 Qa6 9. c4 Ne7 10. 0-0 Nf5 11. b3 Be7 12. g3 0-0 13. Qc2 Rd8 14. Bb2 c5 15. dxc5 Bxc5 16. cxd5 Rxd5 17. Ne4 Nd7 18. Rad1 Bf8 19. Rxd5 exd5 20. Neg5 g6 21. Re1 Nc5 22. b4 Qd3 23. Qc1 Ne4 24. Nxe4 dxe4 25. Ng5 e3 26. fxe3 Bxb4 27. Rd1 Qe2 0-1

[Event "GER-ch Net blitz qual3"]
[Site "Playchess.com INT"]
[Date "2020.03.21"]
[Round "3"]
[White "Gutheil, Heinrich"]
[Black "Kotyk, Michael"]
[Result "1-0"]
[WhiteElo "2040"]
[BlackElo "2013"]
[PlyCount "89"]
[EventDate "2020.03.21"]
[EventType "swiss (blitz)"]
[EventRounds "9"]
[EventCountry "GER"]
[SourceTitle "CBM 195 Extra"]
[Source "ChessBase"]
[SourceDate "2020.05.31"]
[SourceVersion "1"]
[SourceVersionDate "2020.05.31"]
[SourceQuality "1"]

1. e4 c6 2. d4 g6 3. Nc3 Bg7 4. h3 d5 5. Nf3 Nf6 6. Bd3 dxe4 7. Nxe4 Nbd7 8. 0-0 0-0 9. Re1 Nxe4 10. Bxe4 Nf6 11. Bd3 Be6 12. c4 Ne8 13. Be3 Nd6 14. b3 a5 15. Qd2 a4 16. Rad1 Bf5 17. Bxf5 Nxf5 18. Bf4 axb3 19. axb3 e6 20. g4 Ne7 21. Bh6 b5 22. Bxg7 Kxg7 23. Ne5 Qc7 24. Qf4 bxc4 25. bxc4 Ra3 26. Kg2 c5 27. dxc5 Qc6+ 28. Nxc6 Nxc6 29. Rd6 Ne7 30. c6 Kg8 31. c7 Ra7 32. Rd8 Rxc7 33. Rxf8+ Kxf8 34. Qxc7 Kg7 35. g5 h5 36. Qe5+ Kf8 37. Ra1 Nc6 38. Ra8+ Ke7 39. Qf6+ Kd6 40. Qxf7 Ne5 41. Qf4 h4 42. Ra6+ Ke7 43. Qxe5 Kd8 44. Ra7 Kc8 45. Qc7# 1-0